| 000 | 00574nam a22001937a 4500 | ||
|---|---|---|---|
| 003 | OSt | ||
| 005 | 20140310183126.0 | ||
| 008 | 130529t xxu||||| |||| 00| 0 eng d | ||
| 050 |
_aS 539 _b.Qu3 1982 |
||
| 082 |
_aFIL 338.1 _bQ3 1982 |
||
| 245 |
_aThe communication technology for rural education study : _bpiloting a distance learning system for small farmers / _cQuebral, Nora C. |
||
| 260 |
_aLos Banos : _c1982 |
||
| 300 |
_a87 p . _c23 cm. |
||
| 521 | _acollege students | ||
| 526 | _c1210L-1700L | ||
| 541 | _i1 | ||
| 562 | _e1 | ||
| 942 |
_2lcc _cBK _kFIL |
||
| 999 |
_c19040 _d19040 |
||